| 000 | 00952nam a2200289 i 4500 | ||
|---|---|---|---|
| 005 | 20230808112549.0 | ||
| 007 | ta | ||
| 008 | 230808s2018 at a 001 0 eng | ||
| 020 |
_a9780170387033 _cpaperback |
||
| 040 |
_aDLC _beng _cDLC _dCSPC _erda |
||
| 082 |
_a658 _bC674b |
||
| 100 |
_aCole, Kris _eauthor. |
||
| 245 |
_aBusiness administration / _cKris Cole. |
||
| 250 | _aSecond edition. | ||
| 264 |
_aAustralia : _bCengage, _c2018. |
||
| 300 |
_av, 479 pages : _billustrations ; _c26 cm. |
||
| 336 |
_2rdacontent _atxt _brdacontent |
||
| 337 |
_2rdamedia _aunmediated _bn |
||
| 338 |
_2rdacarrier _avolume _bnc |
||
| 500 | _aIncludes index. | ||
| 505 | _aPersonal skills -- Team skills -- Operational skills. | ||
| 650 | _aIndustrial management. | ||
| 650 | _aPersonnel management | ||
| 650 |
_aTeams in the workplace _xTraining of. |
||
| 942 |
_2ddc _cBK _h658 C674b _kCIR _m2018 _n0 |
||
| 999 |
_c25853 _d25853 |
||